| 000 | 00354 a2200157 4500 | ||
|---|---|---|---|
| 001 | 72295 | ||
| 020 | _a8598553115 | ||
| 040 | _cAnchieta - Colégio São Paulo | ||
| 100 | _aCedraz, Antônio | ||
| 240 | 1 | 0 |
_aA caixa de Pai Dorá _lpor |
| 245 | 1 | 0 | _aA caixa de Pai Dorá |
| 300 | _a27 | ||
| 362 | 0 | _a2006 | |
| 650 | 4 | _aLiteratura infantil | |
| 942 | _cBK | ||
| 999 |
_c72295 _d72295 |
||